Decentralized Application on Ethereum
Salvato in:
| Autore principale: | |
|---|---|
| Altri autori: | |
| Natura: | Manoscritto Libro |
| Lingua: | slovacco inglese |
| Pubblicazione: |
2026
|
| Soggetti: | |
| Accesso online: | http://is.stuba.sk/zp/portal_zp.pl?podrobnosti=185044 |
| Tags: |
Nessun Tag, puoi essere il primo ad aggiungerne!!
|
MARC
| LEADER | 00000ntm a22000003a 4500 | ||
|---|---|---|---|
| 001 | stuzp108431 | ||
| 003 | SK-STU | ||
| 005 | 20260207210345.6 | ||
| 007 | ta | ||
| 008 | 150427s2015----xo-----f-mn---000-0-slo-d | ||
| 040 | |a STU |b slo | ||
| 041 | 0 | |a eng | |
| 100 | 1 | |a Kisil, Yulian |u 070400 |4 aut |U FIIT Fakulta informatiky a informačných technológií |T FIIT Ústav počítačového inžinierstva a aplikovanej informatiky |X 128371 |U I400 |Y 672 |7 128371 | |
| 242 | 0 | 1 | |a Decentralized Application on Ethereum |y slo |
| 245 | 1 | 0 | |a Decentralized Application on Ethereum |
| 260 | |c 2026 | ||
| 650 | 4 | |a Auction |2 slo | |
| 650 | 4 | |a dApp |2 slo | |
| 650 | 4 | |a Ethereum |2 slo | |
| 650 | 4 | |a Token Presales |2 eng | |
| 650 | 4 | |a DApp |2 eng | |
| 650 | 4 | |a Ethereum |2 eng | |
| 700 | 1 | |a Novocký, Adam |u 070400 |k Z3 |4 ths |U FIIT Fakulta informatiky a informačných technológií |T FIIT Ústav počítačového inžinierstva a aplikovanej informatiky |X 96993 |U I400 |Y 672 |7 96993 | |
| 856 | 4 | |u http://is.stuba.sk/zp/portal_zp.pl?podrobnosti=185044 | |